L'olla de grills : butlletí intern de la clínica mental butlletí intern de la clínica mental
Descripción Física:
2 volums ; 21 cm
MARC
| LEADER | 00000nas a2200000 a 4500 | ||
|---|---|---|---|
| 001 | 29038 | ||
| 003 | AGDB | ||
| 005 | 20260324175741.0 | ||
| 008 | 160829s199- xx 000 0 cat d | ||
| 080 | |a Revistes | ||
| 245 | |a L'olla de grills : |b butlletí intern de la clínica mental | ||
| 260 | |a [Santa Coloma de Gramanet] : |b Clínica Mental, |c 199- | ||
| 300 | |a 2 volums ; |c 21 cm | ||
| 505 | |a Continguts realitzats pels interns del centre. | ||
| 610 | 2 | 0 | |a Clínica Mental (Santa Coloma de Gramenet, Catalunya) |v Revistes |9 55987 |
| 710 | 2 | |a Clínica Mental (Santa Coloma de Gramenet, Catalunya) |9 54649 | |
| 710 | |a Club Recreatiu-Cultural La Masia |9 72768 |e editor | ||
| 866 | |a 1991 (0, 1) | ||
| 901 | |a Arxiu | ||
| 942 | |n 1 |2 udc |c ARXIU | ||
| 952 | |0 0 |1 0 |2 udc |4 0 |6 REV2402 |7 1 |9 49329 |a Arxiu |b Arxiu |d 2016-12-01 |h núm. 0, 1 (1991) |l 0 |o Rev-2402 |p 29038 |r 2016-12-01 00:00:00 |w 2016-12-01 |y ARXIU | ||
| 999 | |c 53171 |d 53171 | ||